Red Planet /

Kaydedildi:
Detaylı Bibliyografya
Yazar: Heinlein, Robert A. (autor)
Materyal Türü: Kitap
Dil:İngilizce
Baskı/Yayın Bilgisi: Londres, Inglaterra : Pan Books, 1963, c1949
Seri Bilgileri:(Pan Books ; Science Fiction Adventure) X712.
Konular:
Etiketler: Etiketle
Etiket eklenmemiş, İlk siz ekleyin!

MARC

LEADER 00000nam^a2200000^a^4500
001 000395760
005 20250521000000.0
009 20260310121412.074
025 |a Donación Eduardo Wriedt, 1 ejemplar 
037 |a Acervo ITESO - Biblioteca 
041 |a ING 
091 |a FAW. 01396 
100 |a Heinlein, Robert A.  |e (autor) 
245 1 0 |a Red Planet /  |c R.A. Heinlein. 
264 4 |a Londres, Inglaterra :  |b Pan Books,  |c 1963, c1949 
300 |a 221 p. 
336 |a texto  |b txt  |2 rdacontenido 
337 |a sin mediación  |b n  |2 rdamedio 
338 |a volumen  |b nc  |2 rdasoporte 
440 1 |a (Pan Books ;  |v X712.  |p Science Fiction Adventure) 
545 0 |a Robert A. Heinlein (1907-1988) fue un escritor estadounidense de ciencia ficción, reconocido por su impecable rigor científico en la narración de sus historias, en las que integraba particularidades científicas dentro de las líneas narrativas, sin sacarlas de contexto ni añadiendo largas explicaciones. Se formó en la Universidad de Missouri y en la academia Naval de Estados Unidos, graduándose como ingeniero mecánico; inició su carrera militar en 1929 y sirvió sólo hasta 1934 por cuestiones de salud. La temática militar estará presente en prácticamente todas sus obras, además de temas que cuestionaban las costumbres contemporáneas, culturales, sociales y sexuales, describiendo sociedades con ideales bastante alejados de los de la sociedad occidental de su época. En 1939 empezó a publicar sus obras y, aunque por un corto tiempo trabajó como ingeniero civil en la Estación Aeronáutica Experimental, se dedicó exclusivamente a la escritura. Galardonado con el Premio Hugo en cuatro ocasiones y elegido como primer Gran Maestre de la Asociación de escritores de ciencia ficción y fantasía de Estados Unidos. Entre sus obras se encuentran: Más allá del horizonte (1948); El granjero de las estrellas (1950); Tropas del espacio (1959); Forastero en tierra extraña (1961) y El gato que atraviesa las paredes (1985). 
649 |a XX 
650 |a Niños en la Literatura 
650 |a Novela Norteamericana 
650 |a Literatura Norteamericana -  |y Siglo XX 
650 |a Literatura de Ciencia-Ficción -  |z EUA 
650 |a Literatura Popular -  |z EUA 
650 |a Marte (Planeta) en la Literatura 
910 |a Fondo Adolfo J. Wriedt Kentzler 
920 |a Impresos - Libros 
930 |a Fondos Especiales 
940 |a Literatura 
905 |a 128 
901 |a 0500290936  |b IT2  |c ESP  |i D86622  |u 20250521 
902 |a https://opac.biblio.iteso.mx/vufind/Record/000395760